=LDR 00000nam 2200000 4500 =001 INLIS000000000040124 =005 20170112135751.0 =006 =007 =008 Ind =035 ##$$0010-061300000040124 =041 ##$$a Ind =082 ##$$a 574.07 =090 ##$$a 574.07, Ida b.2 =100 ##$$a Idananta c =245 ##$$a biologi =260 ##$$a 1988 $b Intan pariwara =300 ##$$a 139 hlm, ilus, 19 cm =850 ##$$a NBPNMAT